Scheduling software manual /

Introduction to Scheduling. Introducing the Software. Single Machine Scheduling. Multi machine Scheduling. Editing and Customizing...

Đã lưu trong:
Chi tiết về thư mục
Tác giả chính: Morton, Thomas E., 1937-
Tác giả khác: Winkle, Heather., Genc, Onur.
Định dạng: Sách
Ngôn ngữ:English
Được phát hành: Cincinnati : South-Western College, 1999.
Những chủ đề:
Các nhãn: Thêm thẻ
Không có thẻ, Là người đầu tiên thẻ bản ghi này!
Thư viện lưu trữ: Mạng thư viện Đại học Đà Nẵng
LEADER 01459cam a2200397 i 4500
001 000047941
003 7637
005 20180117093049.0
008 010321b1999 vm 000 eng
020 |a 0877095337 
040 |a LRCC  |c LRCC  |d LRCC 
041 0 |a eng 
082 1 4 |a 658.53  |b MO-T 
100 1 |a Morton, Thomas E.,  |d 1937- 
245 0 0 |a Scheduling software manual /  |c Thomas E. Morton, Heather Winkle, Onur Genc. 
260 |a Cincinnati :  |b South-Western College,  |c 1999. 
300 |a v, 111 p. :  |b ill. ;  |c 27cm. 
520 3 |a Introduction to Scheduling. Introducing the Software. Single Machine Scheduling. Multi machine Scheduling. Editing and Customizing... 
630 0 4 |a Production. 
630 0 4 |a Computer programs. 
650 0 4 |a Production scheduling  |x Computer programs  |v Handbooks, manuals, etc. 
650 0 4 |a Inventory control  |x Computer programs  |v Handbooks, manuals, etc. 
700 1 |a Winkle, Heather. 
700 1 |a Genc, Onur. 
OWN |a DUT 
AVA |a UDN50  |b DUT  |c Book  |d 658.53 MO-T  |e available  |t Error 5001 Not defined in file expand_doc_bib_avail.  |f 1  |g 0  |h N  |i 0  |j SH  |k 1 
999 |a From the UDN01 
AVA |a UDN50  |b DUT  |c Book  |d 658.53 MO-T  |e available  |t Error 5001 Not defined in file expand_doc_bib_avail.  |f 1  |g 0  |h N  |i 0  |j SH  |k 1 
TYP |a Monograph 
TYP |a Printed language 
980 |a Mạng thư viện Đại học Đà Nẵng